000 00946nam a2200289 a 4500
001 24382
003 CO-ViMGA
008 141112s2004 ck r 000 u spa d
020 _a9789587583113
040 _aCO-ViMGA
_bspa
_cCO-ViMGA
041 _aSPA
090 _aC PES3
100 1 _aPescetti, Luis María, 1958 -
_935845
245 1 0 _aCaperucita Roja :
_btal como se la contaron a Jorge /
_cLuis María Pescetti ; ilustrado por O'kif
250 _a1a ed.
260 _aBogotá :
_bAlfaguara,
_c2011
300 _a31 p. : il. col. : il.
490 _aInfantil
650 1 4 _aAUTORES ARGENTINOS - SIGLO XX
_92228
650 1 4 _aCUENTOS POPULARES - ADAPTACIONES
_935846
650 1 4 _aIMAGINACION - CUENTO
_935847
650 1 4 _aLEER ES MI CUENTO - COLECCION 2011
_935848
650 1 4 _aLITERATURA INFANTIL ARGENTINA
_92511
650 1 4 _aPERSONAJES LITERARIOS ESPECIFICOS - CUENTO
_935849
700 1 _aO'Kif
_935850
942 _2ddc
_cBK
999 _c2279
_d2279